[Event "RUS-ch U20"]
[Site "Barnaul"]
[Date "2025.03.24"]
[Round "3"]
[White "Usov, Aleksandr E"]
[Black "Grachev, Alexey"]
[Result "0-1"]
[WhiteElo "2307"]
[BlackElo "2405"]
[PlyCount "64"]
[EventDate "2025.03.22"]
[EventType "tourn"]
[EventRounds "9"]
[EventCountry "RUS"]
[EventCategory "6"]
[SourceTitle "CB14_2025"]
[SourceDate "2024.11.01"]
[SourceVersion "1"]
[SourceVersionDate "2024.11.01"]
[SourceQuality "1"]

1. Nf3 e6 2. g3 b5 3. Bg2 Bb7 4. 0-0 Nf6 5. b3 Be7 6. Bb2 0-0 7. c4 b4 8. a3 a5 9. axb4 axb4 10. Rxa8 Bxa8 11. d4 d6 12. Nbd2 Nbd7 13. Qc2 c5 14. Ra1 Qc7 15. dxc5 dxc5 16. Ne5 Bxg2 17. Nxd7 Nxd7 18. Kxg2 Bf6 19. Bxf6 Nxf6 20. Nf3 h6 21. Qb2 Ne4 22. Qa2 Qe7 23. Qc2 Nc3 24. Qd3 e5 25. e4 f5 26. Nd2 Rd8 27. Qe3 Qd6 28. exf5 Qxd2 29. Ra8 Kh7 30. Rxd8 Qxd8 31. Qxe5 Qd4 32. Qc7 Qe4+ 0-1

[Event "RUS-ch U20"]
[Site "Barnaul"]
[Date "2025.03.22"]
[Round "1"]
[White "Popov, Konstantin"]
[Black "Grachev, Alexey"]
[Result "1-0"]
[WhiteElo "2376"]
[BlackElo "2405"]
[PlyCount "87"]
[EventDate "2025.03.22"]
[EventType "tourn"]
[EventRounds "9"]
[EventCountry "RUS"]
[EventCategory "6"]
[SourceTitle "CB14_2025"]
[SourceDate "2024.11.01"]
[SourceVersion "1"]
[SourceVersionDate "2024.11.01"]
[SourceQuality "1"]

1. e4 e5 2. Nf3 Nc6 3. Bb5 a6 4. Ba4 Nf6 5. 0-0 b5 6. Bb3 Bc5 7. Nc3 0-0 8. d3 d6 9. Nd5 Nxd5 10. Bxd5 Qe8 11. c3 Bb6 12. a4 Rb8 13. b4 Be6 14. Bb3 Kh8 15. Be3 f5 16. axb5 axb5 17. Bxe6 Qxe6 18. Bxb6 Rxb6 19. Re1 fxe4 20. Rxe4 Qf5 21. Qe1 Rbb8 22. h3 Qg6 23. Ra6 Rxf3 24. Rg4 Qxd3 25. gxf3 Qxf3 26. Qe4 Qxe4 27. Rxe4 Ne7 28. c4 bxc4 29. Rxc4 h6 30. Rxc7 Nd5 31. Rf7 Rxb4 32. Raa7 Nf4 33. Rxg7 Nxh3+ 34. Kh2 Nf4 35. Rgd7 Rb8 36. Rxd6 h5 37. Rdd7 h4 38. Rh7+ Kg8 39. Rxh4 Rb2 40. Kg3 Rb3+ 41. Kg4 Rb2 42. f3 Ne6 43. Rhh7 Rb4+ 44. Kg3 1-0

[Event "St Petersburg Summer op"]
[Site "St Petersburg"]
[Date "2017.08.18"]
[Round "3"]
[White "Pankova, Julia"]
[Black "Grachev, Alexey"]
[Result "0-1"]
[WhiteElo "1765"]
[BlackElo "1956"]
[PlyCount "118"]
[EventDate "2017.08.16"]
[EventType "swiss"]
[EventRounds "9"]
[EventCountry "RUS"]
[SourceTitle "CBM 180 Extra"]
[Source "ChessBase"]
[SourceDate "2017.10.06"]
[SourceVersion "1"]
[SourceVersionDate "2017.10.06"]
[SourceQuality "1"]

1. e4 c5 2. Nf3 d6 3. d4 cxd4 4. Qxd4 a6 5. Be3 Nc6 6. Qb6 Qxb6 7. Bxb6 g6 8. Nc3 Nf6 9. Nd5 Nxd5 10. exd5 Nb8 11. Bd4 f6 12. 0-0-0 Bg4 13. Be2 Bh6+ 14. Kb1 Nd7 15. Rhe1 Rc8 16. Nh4 Bxe2 17. Rxe2 Kf7 18. b3 Bf4 19. g3 Be5 20. f4 Bxd4 21. Rxd4 Nc5 22. Nf3 b5 23. Rd1 Rc7 24. Nd4 f5 25. Ne6 Nxe6 26. dxe6+ Kf6 27. Rd4 Rhc8 28. Kb2 Rc3 29. a4 h6 30. axb5 axb5 31. Rb4 R8c5 32. Rxb5 Rxc2+ 33. Rxc2 Rxb5 34. Re2 Rb4 35. Kc3 Re4 36. Rc2 Kxe6 37. b4 Kd5 38. Kb3 e5 39. b5 exf4 40. b6 Re8 41. gxf4 Rb8 42. Rg2 Rxb6+ 43. Kc3 Ke4 44. Rxg6 h5 45. Rh6 Kxf4 46. Rxh5 Kg4 47. Rh6 f4 48. Kd3 Kf3 49. h4 Rb1 50. h5 Rd1+ 51. Kc2 Rd5 52. Rg6 Rxh5 53. Rxd6 Re5 54. Kd2 Kf2 55. Rg6 Rd5+ 56. Kc2 f3 57. Rg8 Ke3 58. Re8+ Kf4 59. Re1 f2 0-1

[Event "St Petersburg Summer op"]
[Site "St Petersburg"]
[Date "2017.08.17"]
[Round "2"]
[White "Grachev, Alexey"]
[Black "Kurus, Artem"]
[Result "1/2-1/2"]
[WhiteElo "1956"]
[BlackElo "1695"]
[PlyCount "104"]
[EventDate "2017.08.16"]
[EventType "swiss"]
[EventRounds "9"]
[EventCountry "RUS"]
[SourceTitle "CBM 180 Extra"]
[Source "ChessBase"]
[SourceDate "2017.10.06"]
[SourceVersion "1"]
[SourceVersionDate "2017.10.06"]
[SourceQuality "1"]

1. c4 Nf6 2. Nc3 e6 3. Nf3 b6 4. g3 Bb7 5. Bg2 c5 6. 0-0 Be7 7. b3 0-0 8. Bb2 d5 9. cxd5 Nxd5 10. Nxd5 Qxd5 11. Qc2 Na6 12. a3 Rfd8 13. Rfd1 Rac8 14. Rac1 Ba8 15. d3 Nc7 16. Qc4 Qxc4 17. bxc4 f6 18. Bc3 Bc6 19. Rb1 e5 20. Nd2 Ne6 21. Bxc6 Rxc6 22. a4 Re8 23. a5 bxa5 24. Ra1 Ra6 25. Bxa5 Nd4 26. Kf1 Nc2 27. Ra2 Rb8 28. Rxc2 Rxa5 29. Ne4 Ra3 30. Rdd2 Rbb3 31. g4 Kf7 32. Ra2 g6 33. Rdb2 f5 34. gxf5 gxf5 35. Ng3 Ke6 36. Rxb3 Rxa2 37. Rb7 h6 38. Nxf5 Bg5 39. Ng3 Bf4 40. e3 Bxg3 41. hxg3 Rd2 42. Rxa7 Rxd3 43. Ra6+ Kf5 44. Rc6 Kg4 45. Kg2 e4 46. Rxc5 Rc3 47. Rc8 Rc2 48. c5 Kf5 49. c6 Kg6 50. c7 Kh5 51. Kh3 Rxf2 52. Rg8 Rh2+ 1/2-1/2

[Event "Novokuznetsk-ch"]
[Site "Novokuznetsk"]
[Date "2016.05.03"]
[Round "3"]
[White "Kytin, Makar"]
[Black "Grachev, Alexey"]
[Result "1/2-1/2"]
[WhiteElo "1985"]
[BlackElo "1990"]
[PlyCount "96"]
[EventDate "2016.05.01"]
[EventType "swiss"]
[EventRounds "9"]
[EventCountry "RUS"]
[SourceTitle "CBM 172 Extra"]
[Source "ChessBase"]
[SourceDate "2016.06.21"]
[SourceVersion "1"]
[SourceVersionDate "2016.06.21"]
[SourceQuality "1"]

1. e4 c5 2. Nf3 Nc6 3. d4 cxd4 4. Nxd4 g6 5. Nc3 Bg7 6. Be3 Nf6 7. Bc4 Qa5 8. 0-0 0-0 9. Bb3 d6 10. h3 Bd7 11. Re1 Rfe8 12. f4 Qh5 13. Bf2 Qxd1 14. Raxd1 Nh5 15. Nd5 Nxd4 16. Bxd4 Bxd4+ 17. Rxd4 Rac8 18. g4 Ng7 19. f5 Bc6 20. c3 Bxd5 21. Rxd5 Red8 22. e5 gxf5 23. gxf5 Nxf5 24. exd6 e6 25. d7 Rb8 26. Rd2 Nh4 27. Re3 b6 28. c4 Rb7 29. Ba4 Rc7 30. Rc3 Kf8 31. Kf2 Ke7 32. b4 a6 33. c5 b5 34. Bc2 Rcxd7 35. Rxd7+ Rxd7 36. Bxh7 Kf6 37. Bc2 e5 38. a4 Ke7 39. axb5 axb5 40. Bd3 Kd8 41. c6 Re7 42. Bxb5 Kc7 43. Be2 Nf5 44. b5 Nd4 45. Ra3 Kb6 46. Ra8 Nxe2 47. Kxe2 Kxb5 48. Rc8 Kb6 1/2-1/2

[Event "Novokuznetsk-ch"]
[Site "Novokuznetsk"]
[Date "2016.05.02"]
[Round "2"]
[White "Grachev, Alexey"]
[Black "Kotenko, Vadim"]
[Result "1/2-1/2"]
[WhiteElo "1990"]
[BlackElo "2015"]
[PlyCount "122"]
[EventDate "2016.05.01"]
[EventType "swiss"]
[EventRounds "9"]
[EventCountry "RUS"]
[SourceTitle "CBM 172 Extra"]
[Source "ChessBase"]
[SourceDate "2016.06.21"]
[SourceVersion "1"]
[SourceVersionDate "2016.06.21"]
[SourceQuality "1"]

1. e4 c5 2. Nf3 d6 3. d4 cxd4 4. Nxd4 a6 5. c4 b6 6. Nc3 Bb7 7. Be3 Nd7 8. Be2 Ngf6 9. f3 g6 10. Qd2 Bg7 11. 0-0 0-0 12. b4 Rc8 13. Rfc1 Ne5 14. Nd5 e6 15. Nxf6+ Bxf6 16. Rc2 d5 17. exd5 exd5 18. c5 bxc5 19. bxc5 Qe7 20. Rb1 Nc4 21. Bxc4 dxc4 22. Rxc4 Bd5 23. Rc2 Rfe8 24. Bf2 Bg5 25. Qc3 Qc7 26. Kh1 Bf4 27. Bg1 h5 28. c6 Be5 29. Qc5 Bxd4 30. Qxd5 Bxg1 31. Kxg1 Re5 32. Qd7 Re7 33. Qxc7 Rexc7 34. Rb6 a5 35. h4 Kf8 36. Ra6 Ke7 37. Rxa5 Rxc6 38. Rxc6 Rxc6 39. Re5+ Kd6 40. Re1 Ra6 41. Ra1 Ra3 42. Kf2 Ke5 43. Re1+ Kf5 44. Re2 f6 45. Rb2 g5 46. hxg5 fxg5 47. Rb5+ Kf6 48. Rb2 Kf5 49. Kg3 Kf6 50. Rc2 Kf5 51. Kf2 Kf6 52. Ke2 g4 53. fxg4 hxg4 54. Kd2 Kf5 55. Kc1 Kf4 56. Kb2 Ra8 57. a3 Kg3 58. Kb3 Rb8+ 59. Ka2 Ra8 60. Rc4 Rg8 61. Rc2 Ra8 1/2-1/2

[Event "Novokuznetsk-ch"]
[Site "Novokuznetsk"]
[Date "2016.05.01"]
[Round "1"]
[White "Lomantsov, Evgenij"]
[Black "Grachev, Alexey"]
[Result "1-0"]
[WhiteElo "2285"]
[BlackElo "1990"]
[PlyCount "75"]
[EventDate "2016.05.01"]
[EventType "swiss"]
[EventRounds "9"]
[EventCountry "RUS"]
[SourceTitle "CBM 172 Extra"]
[Source "ChessBase"]
[SourceDate "2016.06.21"]
[SourceVersion "1"]
[SourceVersionDate "2016.06.21"]
[SourceQuality "1"]

1. e4 c5 2. Nf3 Nc6 3. d4 cxd4 4. Nxd4 Nf6 5. Nc3 d6 6. Be2 e5 7. Nb3 Be7 8. Be3 Be6 9. Bf3 a5 10. a4 Nb4 11. Nd5 Nfxd5 12. exd5 Bf5 13. Rc1 Rc8 14. Na1 Na2 15. Rb1 Nb4 16. Rc1 Na2 17. Rb1 Nb4 18. c3 Bxb1 19. Qxb1 Na6 20. Bg4 0-0 21. Bxc8 Qxc8 22. 0-0 Qc4 23. b3 Qxd5 24. Rd1 Qc6 25. c4 f5 26. f3 e4 27. fxe4 fxe4 28. Nc2 Bf6 29. Nd4 Bxd4 30. Rxd4 Nc5 31. Qd1 Nd3 32. Qg4 d5 33. Rxd5 Qf6 34. h3 Nf2 35. Qe2 Qa1+ 36. Kh2 Qh1+ 37. Kg3 Nxh3 38. Rd1 1-0

[Event "Novokuznetsk-ch"]
[Site "Novokuznetsk"]
[Date "2014.11.16"]
[Round "1"]
[White "Grachev, Alexey"]
[Black "Kosheparova, Tatiana"]
[Result "0-1"]
[WhiteElo "1931"]
[BlackElo "2089"]
[PlyCount "90"]
[EventDate "2014.11.16"]
[EventType "swiss"]
[EventRounds "9"]
[EventCountry "RUS"]
[SourceTitle "EXT 2016"]
[Source "ChessBase"]
[SourceDate "2015.10.08"]
[SourceVersion "1"]
[SourceVersionDate "2015.10.08"]
[SourceQuality "1"]

1. Nf3 d5 2. c4 e6 3. e3 c6 4. d4 f5 5. Nc3 Nf6 6. Be2 Bd6 7. b3 Nbd7 8. Bb2 0-0 9. 0-0 Ne4 10. Nd2 Qh4 11. f4 Ndf6 12. Nf3 Qh6 13. Bd3 Ng4 14. Qe2 g5 15. g3 gxf4 16. exf4 Rf7 17. Bxe4 dxe4 18. Ng5 Rg7 19. Ncxe4 fxe4 20. Qxg4 e5 21. Qe2 exf4 22. Nxe4 Bh3 23. Rf3 Bg4 24. Re1 Bxf3 25. Qxf3 Rf8 26. g4 Qh4 27. Nf2 h5 28. h3 hxg4 29. hxg4 Qg3+ 30. Qxg3 fxg3 31. Ne4 Bb4 32. Re3 Rxg4 33. a3 Ba5 34. b4 Bc7 35. d5 Rg6 36. Bd4 g2 37. Re1 cxd5 38. cxd5 b6 39. Bf2 Rf3 40. a4 Rh3 41. Bg3 Rh1+ 42. Kxg2 Rxe1 43. d6 Rxe4 44. dxc7 Rxg3+ 45. Kxg3 Rc4 0-1

[Event "Chigorin Memorial 22nd"]
[Site "St Petersburg"]
[Date "2014.10.24"]
[Round "7"]
[White "Kobzar, Alexandr"]
[Black "Grachev, Alexey"]
[Result "1-0"]
[WhiteElo "2176"]
[BlackElo "2065"]
[PlyCount "89"]
[EventDate "2014.10.18"]
[EventType "swiss"]
[EventRounds "9"]
[EventCountry "RUS"]
[SourceTitle "EXT 2015"]
[Source "ChessBase"]
[SourceDate "2014.11.20"]
[SourceVersion "1"]
[SourceVersionDate "2014.11.20"]
[SourceQuality "1"]

1. d4 d5 2. Nf3 c6 3. g3 Bf5 4. Bg2 Nf6 5. 0-0 e6 6. c4 Nbd7 7. Nfd2 Be7 8. Nc3 0-0 9. b3 c5 10. dxc5 Nxc5 11. cxd5 exd5 12. Bb2 Nce4 13. Nb5 Nxd2 14. Qxd2 a6 15. Nd4 Be4 16. Rfd1 Rc8 17. Bh3 Rc7 18. f3 Bg6 19. Nf5 Bc5+ 20. Kh1 Re8 21. e4 Rd7 22. e5 Nh5 23. Nh4 f5 24. Nxf5 Rf8 25. Nh4 Rc7 26. Nxg6 hxg6 27. f4 d4 28. Bxd4 g5 29. Be6+ Kh8 30. Qe2 Qe8 31. Bxc5 Rxc5 32. Rd8 Qc6+ 33. Bd5 Nxg3+ 34. hxg3 Qh6+ 35. Kg2 Rxd8 36. Rh1 Rcxd5 37. Rxh6+ gxh6 38. Kf3 Rd2 39. Qc4 gxf4 40. gxf4 h5 41. Qf7 R8d3+ 42. Ke4 Rd4+ 43. Kf5 Rxa2 44. Kg6 Rg2+ 45. Kh6 1-0

[Event "Chigorin Memorial 22nd"]
[Site "St Petersburg"]
[Date "2014.10.22"]
[Round "5"]
[White "Batyuk, Artem"]
[Black "Grachev, Alexey"]
[Result "1-0"]
[WhiteElo "2324"]
[BlackElo "2065"]
[PlyCount "157"]
[EventDate "2014.10.18"]
[EventType "swiss"]
[EventRounds "9"]
[EventCountry "RUS"]
[SourceTitle "EXT 2015"]
[Source "ChessBase"]
[SourceDate "2014.11.20"]
[SourceVersion "1"]
[SourceVersionDate "2014.11.20"]
[SourceQuality "1"]

1. e4 c5 2. Nf3 e6 3. b3 Nc6 4. Bb5 d6 5. 0-0 Nf6 6. Bxc6+ bxc6 7. Nc3 e5 8. d3 Be7 9. Qe2 0-0 10. h3 Ne8 11. Nd1 f5 12. c3 a5 13. Re1 a4 14. Bb2 axb3 15. axb3 Rxa1 16. Bxa1 Be6 17. Nd2 fxe4 18. dxe4 Qb6 19. Ne3 Bh4 20. Nf3 Be7 21. Rb1 Nc7 22. Nd2 Nb5 23. Nec4 Qa6 24. Bb2 Bh4 25. Nf3 Be7 26. Ra1 Qb7 27. Ncd2 Bf6 28. c4 Nd4 29. Bxd4 cxd4 30. Qd3 Rb8 31. g4 h6 32. Kg2 d5 33. Kg3 Qb4 34. Qc2 Bg5 35. cxd5 Bf4+ 36. Kg2 cxd5 37. Qc6 Qb6 38. Ra6 Qxc6 39. Rxc6 Bf7 40. Rc5 dxe4 41. Nxe4 Bg6 42. Ng3 d3 43. Nxe5 d2 44. Nxg6 d1Q 45. Nxf4 Rxb3 46. Nfe2 Qd3 47. Rf5 g6 48. Rf4 Qd5+ 49. Kh2 Rf3 50. Kg1 Qd1+ 51. Kg2 Ra3 52. Rd4 Qb3 53. Rf4 Qb8 54. Rf6 Kg7 55. Rf4 Ra2 56. Kg1 Qb5 57. Re4 Kf7 58. Kh2 Ra4 59. Re3 h5 60. Nc3 Qd7 61. Nxa4 Qxa4 62. gxh5 gxh5 63. Nxh5 Kg6 64. Ng3 Qc2 65. Kg2 Qc6+ 66. Re4 Kg5 67. h4+ Kg6 68. h5+ Kg5 69. f3 Qc2+ 70. Kh3 Qc8+ 71. Rg4+ Kh6 72. f4 Qd7 73. f5 Qc8 74. Rg6+ Kh7 75. Rg5 Kh6 76. Ne4 Qc4 77. Rg6+ Kh7 78. Nf6+ Kh8 79. Rg8+ 1-0

[Event "Chigorin Memorial 22nd"]
[Site "St Petersburg"]
[Date "2014.10.21"]
[Round "4"]
[White "Grachev, Alexey"]
[Black "Vorobyova, Valeriya"]
[Result "1/2-1/2"]
[WhiteElo "2065"]
[BlackElo "1742"]
[PlyCount "89"]
[EventDate "2014.10.18"]
[EventType "swiss"]
[EventRounds "9"]
[EventCountry "RUS"]
[SourceTitle "EXT 2015"]
[Source "ChessBase"]
[SourceDate "2014.11.20"]
[SourceVersion "1"]
[SourceVersionDate "2014.11.20"]
[SourceQuality "1"]

1. d4 Nf6 2. c4 g6 3. Nc3 d5 4. cxd5 Nxd5 5. e4 Nxc3 6. bxc3 Bg7 7. Bc4 c5 8. Ne2 0-0 9. 0-0 cxd4 10. cxd4 Nc6 11. Be3 e6 12. Rc1 Qa5 13. Qb3 a6 14. d5 exd5 15. Bxd5 Qc7 16. Bc5 Re8 17. Bb6 Qe7 18. Rfd1 Be6 19. Nf4 Rac8 20. Nxe6 fxe6 21. Bc4 Kh8 22. Be2 Ne5 23. f4 Nd7 24. Bc7 Nc5 25. Bd6 Nxb3 26. Rxc8 Qf7 27. Rxe8+ Qxe8 28. axb3 h5 29. Rc1 Qd7 30. e5 b5 31. Rc7 Qd8 32. Rb7 Qa5 33. b4 Qa1+ 34. Kf2 Qd4+ 35. Kg3 Qe3+ 36. Bf3 g5 37. fxg5 Qxg5+ 38. Kf2 Bxe5 39. Rb8+ Kg7 40. Rb7+ Kg8 41. Rb8+ Kf7 42. Rb7+ Kg8 43. Rb8+ Kf7 44. Rb7+ Kg8 45. Rb8+ 1/2-1/2

[Event "Chigorin Memorial 22nd"]
[Site "St Petersburg"]
[Date "2014.10.20"]
[Round "3"]
[White "Dauletova, Gulmira"]
[Black "Grachev, Alexey"]
[Result "1-0"]
[WhiteElo "2293"]
[BlackElo "2065"]
[PlyCount "55"]
[EventDate "2014.10.18"]
[EventType "swiss"]
[EventRounds "9"]
[EventCountry "RUS"]
[SourceTitle "EXT 2015"]
[Source "ChessBase"]
[SourceDate "2014.11.20"]
[SourceVersion "1"]
[SourceVersionDate "2014.11.20"]
[SourceQuality "1"]

1. e4 c5 2. Nf3 e6 3. d4 cxd4 4. Nxd4 Nf6 5. Bd3 Nc6 6. Nxc6 bxc6 7. Qe2 d6 8. Nd2 Be7 9. 0-0 e5 10. Nc4 0-0 11. b3 Be6 12. Bb2 Nd7 13. f4 exf4 14. Rxf4 Bxc4 15. Bxc4 Ne5 16. Raf1 Nxc4 17. Qxc4 Qe8 18. h4 Rd8 19. Rg4 g6 20. h5 d5 21. Qd4 f6 22. hxg6 hxg6 23. Qe3 Kg7 24. e5 f5 25. e6+ Bf6 26. Qxa7+ Kh6 27. Bc1+ f4 28. Bxf4+ 1-0

[Event "Novokuznetsk Kustov op"]
[Site "Novokuznetsk"]
[Date "2014.10.12"]
[Round "5"]
[White "Pomazanov, Alexey"]
[Black "Grachev, Alexey"]
[Result "0-1"]
[WhiteElo "1848"]
[BlackElo "2065"]
[PlyCount "84"]
[EventDate "2014.09.28"]
[EventType "swiss"]
[EventRounds "9"]
[EventCountry "RUS"]
[SourceTitle "EXT 2018"]
[Source "ChessBase"]
[SourceDate "2017.10.13"]
[SourceVersion "1"]
[SourceVersionDate "2017.10.13"]
[SourceQuality "1"]

1. e4 c5 2. Nf3 Nc6 3. d4 cxd4 4. Nxd4 Nf6 5. f3 e5 6. Nb3 d5 7. exd5 Qxd5 8. Bd3 Be6 9. Be3 Be7 10. Nc3 Qd7 11. Qe2 0-0 12. Rd1 Qc7 13. Qf2 Bb4 14. 0-0 Bxc3 15. bxc3 Nd5 16. Bd2 Nce7 17. Nc5 Qc6 18. Kh1 b6 19. Ne4 f6 20. Qg3 Nf5 21. Qf2 Rfd8 22. g4 Nfe7 23. c4 Nc7 24. Bb4 Ng6 25. h4 Bxc4 26. h5 Bxd3 27. cxd3 Nf4 28. Rc1 Qd7 29. Qh4 Ncd5 30. Bd2 h6 31. Ng3 Rac8 32. Rcd1 Nc3 33. Rde1 Nxd3 34. Re3 Qb5 35. Bxc3 Rxc3 36. Ne4 Nf2+ 37. Qxf2 Rxe3 38. a4 Qd3 39. Qa2+ Kh8 40. Rf2 Rxf3 41. Kg2 Rxf2+ 42. Nxf2 Qd5+ 0-1

[Event "Pardubice Czech op-B 25th"]
[Site "Pardubice"]
[Date "2014.07.25"]
[Round "8"]
[White "Dvorak, Adam"]
[Black "Grachev, Alexey"]
[Result "1/2-1/2"]
[WhiteElo "2157"]
[BlackElo "2018"]
[PlyCount "59"]
[EventDate "2014.07.18"]
[EventType "swiss"]
[EventRounds "9"]
[EventCountry "CZE"]
[SourceTitle "EXT 2015"]
[Source "ChessBase"]
[SourceDate "2014.11.20"]
[SourceVersion "1"]
[SourceVersionDate "2014.11.20"]
[SourceQuality "1"]

1. d4 d5 2. c4 c6 3. Nc3 Nf6 4. e3 e6 5. Nf3 Nbd7 6. Qc2 Be7 7. b3 0-0 8. Bb2 b6 9. Bd3 Bb7 10. cxd5 exd5 11. Ne5 Bd6 12. f4 c5 13. 0-0 cxd4 14. exd4 Rc8 15. Nxd7 Qxd7 16. Bf5 Qc7 17. Bxc8 Qxc8 18. Rae1 Ne4 19. Qc1 Bb4 20. Re3 Bxc3 21. Bxc3 Ba6 22. Rfe1 Qf5 23. Rf3 Rc8 24. Qb2 h5 25. Bb4 Qf6 26. Rd1 Rc7 27. Be1 g6 28. Bf2 Qc6 29. Be1 Kg7 30. Re3 1/2-1/2

[Event "Novokuznetsk Kuzbass Festival"]
[Site "Novokuznetsk"]
[Date "2014.??.??"]
[Round "2"]
[White "Grachev, Alexey"]
[Black "Gumbarg, Vladislav"]
[Result "1/2-1/2"]
[WhiteElo "2053"]
[BlackElo "1835"]
[PlyCount "66"]
[EventDate "2014.??.??"]
[EventType "swiss"]
[EventRounds "7"]
[EventCountry "RUS"]
[SourceTitle "EXT 2016"]
[Source "ChessBase"]
[SourceDate "2015.10.08"]
[SourceVersion "1"]
[SourceVersionDate "2015.10.08"]
[SourceQuality "1"]

1. Nf3 c5 2. e4 d6 3. c3 Nf6 4. Be2 a6 5. 0-0 b5 6. d3 e6 7. Bf4 Be7 8. Nbd2 0-0 9. d4 Nbd7 10. Qc2 Bb7 11. Rfe1 Rc8 12. Qd3 c4 13. Qc2 Qc7 14. e5 dxe5 15. Nxe5 Bd6 16. Nxd7 Qxd7 17. Bxd6 Qxd6 18. Bf3 Bxf3 19. Nxf3 h6 20. a4 Ra8 21. Ne5 Nd5 22. h3 Nb6 23. axb5 axb5 24. b3 Rfc8 25. bxc4 Nxc4 26. Nxc4 bxc4 27. Qe4 Qd5 28. Qc2 Rxa1 29. Rxa1 Ra8 30. Rb1 Qd6 31. g3 Qd5 32. h4 Qf3 33. Qb2 Qd5 1/2-1/2

[Event "Novokuznetsk Kuzbass Festival"]
[Site "Novokuznetsk"]
[Date "2014.??.??"]
[Round "1"]
[White "Vorobyova, Alyona"]
[Black "Grachev, Alexey"]
[Result "1-0"]
[WhiteElo "1991"]
[BlackElo "2053"]
[PlyCount "131"]
[EventDate "2014.??.??"]
[EventType "swiss"]
[EventRounds "7"]
[EventCountry "RUS"]
[SourceTitle "EXT 2016"]
[Source "ChessBase"]
[SourceDate "2015.10.08"]
[SourceVersion "1"]
[SourceVersionDate "2015.10.08"]
[SourceQuality "1"]

1. e4 c5 2. c4 Nc6 3. Ne2 d6 4. d4 cxd4 5. Nxd4 Nf6 6. Nc3 g6 7. Be2 Bg7 8. Be3 0-0 9. 0-0 Qc7 10. Rc1 Bd7 11. f3 Rac8 12. Qd2 Nxd4 13. Bxd4 Be6 14. Nb5 Qd7 15. Nxa7 Ra8 16. b3 Ne8 17. Bxg7 Kxg7 18. Nb5 Nc7 19. Nd4 Na6 20. Rfd1 Qc7 21. Kh1 Qc5 22. Qb2 Kg8 23. a3 Nb8 24. b4 Qc7 25. c5 Qd8 26. cxd6 exd6 27. Nb5 Qe7 28. Rxd6 Nc6 29. Rcd1 Rfc8 30. R6d2 Rd8 31. Nd6 Rd7 32. Nc4 Rad8 33. Kg1 Bxc4 34. Bxc4 Ne5 35. Rxd7 Rxd7 36. Rxd7 Nxd7 37. Qd4 Ne5 38. f4 Nc6 39. Qd5 Qf6 40. g3 Qa1+ 41. Kg2 Qb2+ 42. Kh3 Qf6 43. Qd3 h5 44. e5 Qg7 45. b5 Ne7 46. Qd8+ Qf8 47. Qxf8+ Kxf8 48. a4 Ke8 49. a5 Nc8 50. Kh4 Kf8 51. Bd5 b6 52. a6 Na7 53. Bc4 Ke8 54. Kg5 Ke7 55. h3 Nc8 56. f5 gxf5 57. Kxf5 Kf8 58. Kg5 h4 59. Kxh4 Kg7 60. Kg5 Na7 61. h4 Nc8 62. h5 Na7 63. h6+ Kf8 64. Kf6 Kg8 65. g4 Kh8 66. Kxf7 1-0

[Event "Lipetsk op"]
[Site "Lipetsk"]
[Date "2010.06.24"]
[Round "2"]
[White "Kuleshov, Viktor"]
[Black "Grachev, Alexey"]
[Result "1-0"]
[WhiteElo "1885"]
[BlackElo "2121"]
[PlyCount "95"]
[EventDate "2010.06.23"]
[EventType "swiss"]
[EventRounds "9"]
[EventCountry "RUS"]
[SourceTitle "CBM 137 Extra"]
[Source "ChessBase"]
[SourceDate "2010.09.01"]
[SourceVersion "1"]
[SourceVersionDate "2010.09.01"]
[SourceQuality "1"]

1. e4 c6 2. d4 d5 3. e5 Bf5 4. Nf3 e6 5. Be2 Ne7 6. Bg5 Nd7 7. 0-0 Qc7 8. Nbd2 h6 9. Be3 c5 10. c4 dxc4 11. Bxc4 cxd4 12. Nxd4 a6 13. Rc1 Qxe5 14. N2f3 Qd6 15. Nb5 Qxd1 16. Nc7+ Kd8 17. Rfxd1 Kxc7 18. Bxe6+ Kd8 19. Bxd7 Bxd7 20. Ne5 Ke8 21. Nxd7 Nc6 22. Rc4 f6 23. Re4+ Kf7 24. Nb6 Be7 25. Nxa8 Rxa8 26. Bb6 a5 27. Rd7 Rb8 28. a3 h5 29. b4 axb4 30. axb4 Ra8 31. g3 Kf8 32. Bc5 Bxc5 33. bxc5 Ra1+ 34. Kg2 Ra2 35. Rc7 Rc2 36. Rc8+ Kf7 37. Rc7+ Kf8 38. Rh4 Rxc5 39. g4 g6 40. gxh5 Rg5+ 41. Kf1 gxh5 42. Ra4 Na5 43. Rd4 Ke8 44. Rdd7 Rg8 45. Ke2 h4 46. Kd3 h3 47. Rg7 Rh8 48. Rc8# 1-0

[Event "St Petersburg White Nights op"]
[Site "St Petersburg"]
[Date "2010.06.23"]
[Round "8"]
[White "Latonin, Mikhail"]
[Black "Grachev, Alexey"]
[Result "0-1"]
[WhiteElo "1860"]
[BlackElo "2121"]
[PlyCount "104"]
[EventDate "2010.06.16"]
[EventType "swiss"]
[EventRounds "9"]
[EventCountry "RUS"]
[SourceTitle "EXT 2011"]
[Source "ChessBase"]
[SourceDate "2010.11.26"]
[SourceVersion "1"]
[SourceVersionDate "2010.11.26"]
[SourceQuality "1"]

1. e4 c5 2. Nf3 e6 3. Nc3 a6 4. d4 cxd4 5. Nxd4 Qc7 6. Be2 Nc6 7. 0-0 Nf6 8. Be3 b5 9. Nxc6 dxc6 10. f4 Be7 11. Bf3 Bb7 12. Qe1 c5 13. e5 Nd5 14. Nxd5 Bxd5 15. Bxd5 exd5 16. Qg3 0-0 17. f5 Rfe8 18. Bh6 g6 19. f6 Bd8 20. Bf4 c4 21. c3 Qc6 22. Qg5 Bb6+ 23. Kh1 Bc5 24. Rf3 Bf8 25. Rh3 Qe6 26. Rf1 Rad8 27. Qh4 h5 28. Rg3 Qf5 29. Rgf3 d4 30. cxd4 Rxd4 31. Qf2 Rd3 32. h3 Red8 33. Qe2 Rxf3 34. Rxf3 Rd5 35. Kh2 Bc5 36. Bg3 Qd7 37. Bf2 Bxf2 38. Rxf2 Qe6 39. Qf3 Qxe5+ 40. g3 Rd6 41. Kg2 Kh7 42. g4 Rd3 43. Qf4 Qxf4 44. Rxf4 Rd2+ 45. Kg3 g5 46. Rf5 Kg6 47. b3 Rd3+ 48. Kg2 cxb3 49. axb3 Rxb3 50. h4 gxh4 51. Rxh5 h3+ 52. Kh2 a5 0-1

[Event "St Petersburg White Nights op"]
[Site "St Petersburg"]
[Date "2009.06.11"]
[Round "3"]
[White "Grachev, Alexey"]
[Black "Goldobin, Mikhail"]
[Result "1/2-1/2"]
[WhiteElo "2212"]
[BlackElo "2087"]
[PlyCount "70"]
[EventDate "2009.06.09"]
[EventType "swiss"]
[EventRounds "9"]
[EventCountry "RUS"]
[SourceTitle "EXT 2011"]
[Source "ChessBase"]
[SourceDate "2010.11.26"]
[SourceVersion "1"]
[SourceVersionDate "2010.11.26"]
[SourceQuality "1"]

1. c4 c6 2. d4 d5 3. Nc3 Nf6 4. Nf3 e6 5. g3 Nbd7 6. Bg2 Bd6 7. b3 0-0 8. 0-0 b6 9. Bb2 Ba6 10. Nd2 Bb7 11. e4 dxe4 12. Ndxe4 Nxe4 13. Nxe4 Be7 14. Qe2 Nf6 15. Rad1 Nxe4 16. Bxe4 Qc7 17. Qh5 g6 18. Qh6 Bf6 19. Qe3 Rfd8 20. Rd2 Rd7 21. Rfd1 Rad8 22. Bc3 Bg7 23. Bg2 c5 24. Bxb7 cxd4 25. Bxd4 Bxd4 26. Rxd4 Qxb7 27. Rxd7 Rxd7 28. Rc1 Qc6 29. h4 Qc5 30. Qxc5 bxc5 31. Rc2 Kg7 32. Kf1 Kf6 33. Ke2 Ke5 34. Ke3 a5 35. a3 Rd1 1/2-1/2

[Event "St Petersburg White Nights op"]
[Site "St Petersburg"]
[Date "2009.06.09"]
[Round "1"]
[White "Kudrjavich, Dmitry"]
[Black "Grachev, Alexey"]
[Result "1/2-1/2"]
[WhiteElo "1914"]
[BlackElo "2212"]
[PlyCount "50"]
[EventDate "2009.06.09"]
[EventType "swiss"]
[EventRounds "9"]
[EventCountry "RUS"]
[SourceTitle "EXT 2011"]
[Source "ChessBase"]
[SourceDate "2010.11.26"]
[SourceVersion "1"]
[SourceVersionDate "2010.11.26"]
[SourceQuality "1"]

1. d4 c5 2. d5 Nf6 3. c4 g6 4. Nc3 d6 5. e4 Bg7 6. Bd3 0-0 7. Bg5 h6 8. Bh4 Re8 9. Nf3 Bg4 10. h3 Bxf3 11. Qxf3 Nbd7 12. Qd1 e6 13. dxe6 Rxe6 14. 0-0 Ne5 15. f4 Ned7 16. Qf3 Qb6 17. Rab1 Rf8 18. Kh1 Ree8 19. b3 a6 20. Bc2 Qa5 21. a4 Nh7 22. Nd5 Nhf6 23. Be1 Qd8 24. Bh4 Qa5 25. Be1 Qd8 1/2-1/2